The God delusion / (Record no. 16118)

MARC details
000 -LEADER
fixed length control field 04008nam a22003134a 4500
005 - DATE AND TIME OF LATEST TRANSACTION
control field 20080418103834.0
008 - FIXED-LENGTH DATA ELEMENTS--GENERAL INFORMATION
fixed length control field 080114r20082006mau | b 001 0 eng
010 ## - LCCN (DPL NO)
LC control number B-269645-649, B-284188
020 ## - INTERNATIONAL STANDARD BOOK NUMBER
International Standard Book Number 9780552774291
Terms of availability £ 3.25 (273.00), 289.25
035 ## - SYSTEM CONTROL NUMBER
System control number B-269645-649, B-284188
040 ## - CATALOGING SOURCE
Original cataloging agency dpl
Language of cataloging English
082 ## - DEWEY DECIMAL CLASSIFICATION NUMBER
Classification number 211.8
100 ## - MAIN ENTRY--PERSONAL NAME
Personal name Dawkins, Richard
245 ## - TITLE STATEMENT
Title The God delusion /
Statement of responsibility, etc by Richard Dawkins.
260 ## - PUBLICATION, DISTRIBUTION, ETC. (IMPRINT)
Place of publication, distribution, etc London
Name of publisher, distributor, etc Black Swan
Date of publication, distribution, etc 2007
300 ## - PHYSICAL DESCRIPTION
Extent 463 p.
Dimensions 18cm (pbk)
504 ## - BIBLIOGRAPHY, ETC. NOTE
Bibliography, etc Includes bibliographical references (p. [427]-448) and index.
505 ## - FORMATTED CONTENTS NOTE
Formatted contents note A deeply religious nonbeliever. Deserved respect ; Undeserved respect -- The God hypothesis. Polytheism ; Monotheism ; Secularism, the Founding Fathers and the religion of America ; The poverty of agnosticism ; NOMA ; The great prayer experiment ; The Neville Chamberlain school of evolutionists ; Little green men -- Arguments for God's existence. Thomas Aquinas's "proofs" ; The ontological argument and other a priori arguments ; The argument from beauty ; The argument from personal "experience" ; The argument from Scripture ; The argument from admired religious scientists ; Pascal's wager ; Bayesian arguments -- Why there almost certainly is no God. The ultimate Boeing 747 ; Natural selection as a consciousness-raiser ; Irreducible complexity ; The worship of gaps ; The anthropic principle : planetary version ; The anthropic principle : cosmological version ; An interlude at Cambridge -- The roots of religion. The Darwinian imperative ; Direct advantages of religion ; Group selection ; Religion as a by-product of something else ; Psychologically primed for religion ; Tread softly, because you tread on my memes ; Cargo cults -- The roots of morality : why are we good? Does our moral sense have a Darwinian origin? ; A case study in the roots of morality ; If there is no God, why be good? -- The "good" book and the changing moral Zeitgeist. The Old Testament ; Is the New Testament any better? ; Love thy neighbour ; The moral Zeitgeist ; What about Hitler and Stalin? : weren't they atheists? -- What's wrong with religion? : why be so hostile? Fundamentalism and the subversion of science ; The dark side of absolutism ; Faith and homosexuality ; Faith and the sanctity of human life ; The great Beethoven fallacy ; How "moderation" in faith fosters fanaticism -- Childhood, abuse and the escape from religion. Physical and mental abuse ; In defence of children ; An educational scandal ; Consciousness-raising again ; Religious education as a part of literary culture -- A much needed gap? Binker ; Consolation ; Inspiration ; The mother of all burkas.
650 ## - SUBJECT ADDED ENTRY--TOPICAL TERM
Topical term or geographic name as entry element Atheism.
650 ## - SUBJECT ADDED ENTRY--TOPICAL TERM
Topical term or geographic name as entry element Religion
Form subdivision Controversial literature.
942 ## - ADDED ENTRY ELEMENTS (KOHA)
Source of classification or shelving scheme Dewey Decimal Classification
Item type English Books
Call number suffix DAW
Classification part 211.8
Holdings
Withdrawn status Lost status Source of classification or shelving scheme Damaged status Not for loan Collection code Home library Current library Date acquired Source of acquisition Cost, normal purchase price Total Checkouts Full call number Barcode Date last seen Copy number Cost, replacement price Koha item type Public note Total Renewals
    Dewey Decimal Classification     Non-fiction Central Library Central Library 04/11/2008 Super/44098/26.5.08 /94 /16.5.08 /5.6.08 273.00   211.8 DAW B-269645 04/11/2008 1 273.00 English Books    
Written off   Dewey Decimal Classification     Non-fiction Karol Bagh Karol Bagh 04/11/2008   273.00   211.8 DAW B-269648 04/11/2008 1 273.00 English Books Written off on approval by DLB (By Circulation); dtd 15-06-2023  
    Dewey Decimal Classification     Non-fiction Patel Nagar Patel Nagar 04/11/2008   273.00   211.8 DAW B-269646 04/11/2008 1 273.00 English Books    
    Dewey Decimal Classification     Non-fiction Sarojini Nagar Sarojini Nagar 04/11/2008   273.00   211.8 DAW B-269647 04/11/2008 1 273.00 English Books    
    Dewey Decimal Classification     Non-fiction Shahdara Branch Shahdara Branch 04/11/2008   273.00   211.8 DAW B-269649 04/11/2008 1 273.00 English Books    
    Dewey Decimal Classification     Non-fiction Vinoba Puri Vinoba Puri 17/11/2008 Super/44931/30.7.08/170/21.7.08/13.8.08 289.25 10 211.8 DAW B-284188 18/04/2018 1 289.25 English Books   2

© Delhi Public Library
Hit Counter
free hit counter